000 00483nam a22001817a 4500
003 LK-CoDNM
005 20250123112659.0
008 250123b |||||||| |||| 00| 0 eng d
040 _aLK-CoDNM
_dLK-CoDNM
_eLK-CoDNM
041 _aeng
080 _a13
_bD9
100 _aHaeckel,Ernst
245 _aThe evolution of man Volume I
260 _aLondon
_bWatts & Co.,17 Johnson's street ,London ,E.C
_c1905
300 _axii, 410p. : ill ; 25 cm
650 _aPeople
942 _cBK
999 _c237293
_d237293